| 000 | 01127cad a22002295a 4500 | ||
|---|---|---|---|
| 001 | L159119 | ||
| 008 | 111125s2014 xxk f 000 0 eng d | ||
| 020 | _a9781474112727 | ||
| 035 | _a(Sirsi) u159119 | ||
| 041 | 0 | _aeng | |
| 110 | 2 |
_aUnited Kingdom _bHome Office _94882 |
|
| 245 | 0 | 0 |
_aCode of practice _bPowers of entry _h[electronic resource] |
| 260 |
_aLondon _bHome Office _c2014 |
||
| 520 | _aProvides guidance and sets out considerations that apply to the exercise of powers of entry including, where appropriate, the need to minimise disruption to business. It will ensure greater consistency in the exercise of powers of entry, and greater clarity for those affected by them, while upholding effective enforcement. Effective from 6 April 2015. | ||
| 590 | _aKA NTK | ||
| 650 | 2 | 4 | _aProtection of Freedoms Act 2012 |
| 651 | 4 | _aUnited Kingdom | |
| 690 |
_aLand use _96251 |
||
| 690 |
_aResidential property _96266 |
||
| 856 | 4 | 0 |
_uhttps://www.gov.uk/government/uploads/system/uploads/attachment_data/file/383079/Code_of_Practice_-_Powers_of_Entry__web_.pdf _zView the Code free of charge at www.gov.uk |
| 942 | _n0 | ||
| 999 |
_c115685 _d115685 |
||